Paroles - Tristana - Mylène Farmer - Statistiques

Statistiques générales
  • Ce quiz a été pris 87 fois
  • Le résultat moyen est 137 sur 184
Statistiques - réponses
Paroles % Correct
Tristana
98%
Tristana,
98%
à
97%
a
97%
c'est
92%
la
92%
La
92%
le
92%
moi !
92%
cœur
91%
elle
91%
Elle
91%
Ne
89%
pas
88%
est
86%
tout
86%
Adieu,
85%
de
85%
Triste
85%
froid
85%
les
85%
Les
85%
Ton
85%
Triste
85%
Pour
83%
pour
83%
prête
83%
rien,
83%
rien
83%
pris
82%
Dieu
80%
Dans
78%
dans
78%
des
78%
qui
78%
se
78%
dites
77%
baisse
75%
bras
75%
mourir
75%
partir
74%
sa
74%
fous
71%
s'en
71%
Tu
71%
fait
68%
ça
66%
pleure
66%
va
66%
grimace
65%
ronde
65%
Laissez-la
62%
du
60%
Du
60%
plus
58%
vie
58%
Devant
57%
glace
57%
petits
57%
touchent,
57%
touchent
57%
mots
55%
passe
55%
sais,
55%
tours,
55%
Trois
55%
ses
54%
Pourquoi
52%
veut
52%
Et
51%
jours
51%
coule
49%
coup
49%
faut-il
49%
L'amour
49%
qu'on
49%
traces,
49%
comme
48%
D'un
48%
enlace
48%
jamais
48%
L'ombre
48%
n'effacera
48%
sang
48%
payer
46%
tué
46%
beaux
45%
crois-moi
45%
doux
45%
corps
43%
couche
43%
sort
43%
haine
42%
peine,
42%
ta
42%
veines
42%
Contre
40%
cassent
38%
s'achèvent
37%
bouche
35%
lâches
31%
Aucun quiz correspondant
Distribution des résultats
% des personnes avec chaque résultat
Percentile par nombre de réponses
Votre historique - résultats
Vous n’avez pas pris ce quiz